¿Quién engañó a Roger Rabbit? = Who Framed Roger Rabbit? /
محفوظ في:
| المؤلف الرئيسي: | |
|---|---|
| مؤلفون آخرون: | , , , , , , , , , |
| التنسيق: | |
| اللغة: | الإنجليزية |
| الموضوعات: | |
| الوسوم: |
لا توجد وسوم, كن أول من يضع وسما على هذه التسجيلة!
|
MARC
| LEADER | 00000ngm^a2200000^a^4500 | ||
|---|---|---|---|
| 001 | 000312025 | ||
| 005 | 20250521000000.0 | ||
| 009 | 20260310113104.072 | ||
| 037 | |a Acervo ITESO - Biblioteca | ||
| 041 | |a ING | ||
| 082 | |a 808. 899282 |b ZEM | ||
| 100 | |a Zemeckis, Robert |e (realización) | ||
| 240 | 1 | 1 | |a [¿Quién engañó a Roger Rabbit?] |
| 245 | 1 | 0 | |a ¿Quién engañó a Roger Rabbit? = |b Who Framed Roger Rabbit? / |c Realización de R. Zemeckis, R. Williams. |
| 264 | 2 | |a México : |b WDC [distribución], |c copyright fecha no identificada | |
| 300 | |a 1 DVD regiones 1 y 4 (101 min.) : |b color | ||
| 336 | |a imagen móvil bidimensional |b tdi |2 rdacontenido | ||
| 337 | |a video |b v |2 rdamedio | ||
| 338 | |a videodisco |b vd |2 rdasoporte | ||
| 500 | |a Basado en: Who Censored Roger Rabbit?, de Gary K. Wolf | ||
| 586 | |a Premio Oscar, de la Academia Norteamericana de Cine (61°: 1988): Película con más premios (4) | ||
| 586 | |a Premio Globo de Oro, de la Asociación de la Prensa Extranjera de Hollywood (46°: 1988): Mejor Película – Comedia o Musical (finalista) | ||
| 586 | |a Premio César, de la Academia Francesa de Cine (14°: 1989): Mejor Película Extranjera (finalista) | ||
| 586 | |a Registro Nacional de Cine de la Biblioteca del Congreso: Declaraciones de 2016 | ||
| 649 | |a XX | ||
| 650 | |a Personajes de Ficción | ||
| 650 | |a Películas Infantiles | ||
| 650 | |a Películas Policíacas | ||
| 650 | |a Cine de Animación | ||
| 650 | |a Cine Norteamericano - |y 1980-1989 | ||
| 650 | |a Cine Norteamericano - |y Siglo XX | ||
| 650 | |a Novela Norteamericana - |x Adaptaciones para Cine | ||
| 650 | |a Literatura Norteamericana - |x Adaptaciones para Cine | ||
| 650 | |a Literatura y Cine | ||
| 650 | |a Competencia (Economía) | ||
| 650 | |a Producción Cinematográfica | ||
| 650 | |a Cine - |z EUA - |x Industria y Comercio | ||
| 650 | |a Infidelidad | ||
| 650 | |a Relaciones de Pareja | ||
| 650 | |a Investigación del Delito | ||
| 650 | |a Poder Político | ||
| 700 | |a Williams, Richard |e (realización) | ||
| 700 | |a Price, Jeffrey |e (guión) | ||
| 700 | |a Seaman, Peter S. |e (guión) | ||
| 700 | |a Cundey, Dean |e (fotógrafo) | ||
| 700 | |a Schmidt, Arthur Robert |e (montaje) | ||
| 700 | |a Silvestri, Alan |e (música) | ||
| 700 | |a Hoskins, Bob |e (actuación) | ||
| 700 | |a Lloyd, Christopher, |d 1938- |e (actuación) | ||
| 700 | |a Cassidy, Joanna |e (actuación) | ||
| 700 | |a Fleischer, Charles |e (voz) | ||
| 910 | |a Fondo General | ||
| 920 | |a Audiovisuales - DVDs | ||
| 940 | |a Películas | ||
| 905 | |a 308 | ||
| 901 | |a 0500196331 |b IT2 |c DVR |i C123464 |u 20250521 | ||
| 902 | |a https://opac.biblio.iteso.mx/vufind/Record/000312025 | ||